00892 2200337 4500001002100000005001500021035002000036007000300056008004100059040001700100100001700117245005400134250001200188300003500200504003000235020002200265041000800287082001100295084001700306090002200323260003800345650001000383700002500393850001000418990002000428990002200448990002200470990002200492990002000514990002000534INLIS00000000000326120260528120033 a0010-0421000084ta260528 0  aSBPUPADbind0 aKoes Irianto1 aEnsiklopedi Parasitologi Jilid 1 /cKoes Irianto a.-Cet.2 aiv, 100 hlm. :bilus. ;c25 cm aBibliografi, hlm 98 - 99 a978-979-465-696-9 aind a500.03 a500.03 KOE e a500.03 KOE e 10-3 a.--Bandung :bEpsilon Grup,c2010 4aSains0 aeditor, Irma Noviati aPUPAD a25.937/H/DPK/18 a26.269/H/DPK/2018 a26.270/H/DPK/2018 a25.970/H/DPK/2018 a25.971/H/DPK/18 a25.806/H/DPK/18